000 00324nam a2200133Ia 4500
008 151213s9999 xx 000 0 und d
100 _aDavid Cecil
245 _aEarly Victorian Novelists
_cDavid Cecil
260 _aLondon
_bCollins
_c1934
300 _a4537 p.
650 _aEnglish
700 _aDavid Cecil
999 _c2911
_d2911